[Event "Pocos de Caldas op"]
[Site "Pocos de Caldas"]
[Date "2017.03.12"]
[Round "5"]
[White "Pasqua, Mauricio Coragem"]
[Black "Paschoa, Lazaro dos Reis"]
[Result "1/2-1/2"]
[WhiteElo "1689"]
[BlackElo "1486"]
[PlyCount "63"]
[EventDate "2017.03.10"]
[EventType "swiss"]
[EventRounds "6"]
[EventCountry "BRA"]
[SourceTitle "EXT 2018"]
[Source "ChessBase"]
[SourceDate "2017.10.13"]
[SourceVersion "1"]
[SourceVersionDate "2017.10.13"]
[SourceQuality "1"]

1. Nf3 d5 2. d4 Nf6 3. g3 Bf5 4. c4 e6 5. Qb3 b6 6. Bg2 h6 7. 0-0 Be7 8. Nc3 c6 9. Bf4 0-0 10. cxd5 exd5 11. Rac1 Bd6 12. Bxd6 Qxd6 13. Ne5 Nbd7 14. f4 Rac8 15. e3 Ne4 16. Nxe4 Bxe4 17. Bxe4 dxe4 18. Qa4 Nxe5 19. dxe5 Qd3 20. Rc3 Qb5 21. Qxb5 cxb5 22. Rfc1 Rxc3 23. Rxc3 Rd8 24. Rc2 Kf8 25. Kf2 h5 26. h4 g6 27. Ke2 Ke7 28. Rc7+ Rd7 29. Rxd7+ Kxd7 30. Kd2 b4 31. Kc2 Kc6 32. b3 1/2-1/2

[Event "Pocos de Caldas op"]
[Site "Pocos de Caldas"]
[Date "2017.03.11"]
[Round "3"]
[White "Pasqua, Mauricio Coragem"]
[Black "Savian, Fabio Jose"]
[Result "0-1"]
[WhiteElo "1689"]
[BlackElo "2017"]
[PlyCount "98"]
[EventDate "2017.03.10"]
[EventType "swiss"]
[EventRounds "6"]
[EventCountry "BRA"]
[SourceTitle "EXT 2018"]
[Source "ChessBase"]
[SourceDate "2017.10.13"]
[SourceVersion "1"]
[SourceVersionDate "2017.10.13"]
[SourceQuality "1"]

1. Nf3 f5 2. d4 Nf6 3. Bg5 e6 4. Bxf6 Qxf6 5. g3 b6 6. Bg2 Bb7 7. e3 Be7 8. c4 0-0 9. 0-0 a5 10. Nc3 g5 11. Nxg5 Bxg2 12. Nxh7 Kxh7 13. Kxg2 Nc6 14. f4 Rae8 15. Qe2 Rg8 16. Rad1 Bd8 17. d5 Nb8 18. dxe6 dxe6 19. Rd3 Kh6 20. Rfd1 Na6 21. e4 Nc5 22. R3d2 Qf7 23. e5 Qh5 24. Qxh5+ Kxh5 25. a3 a4 26. Nb5 Kg6 27. Kf3 Kf7 28. Nd4 Ne4 29. Rd3 Rh8 30. h4 Reg8 31. Ne2 Nc5 32. Rd4 Bxh4 33. gxh4 Rxh4 34. Rg1 Rh3+ 35. Rg3 Rgxg3+ 36. Nxg3 Ne4 37. Rxe4 fxe4+ 38. Kg2 Rxg3+ 39. Kxg3 Kg6 40. Kg4 c6 41. Kh4 Kf5 42. Kg3 c5 43. Kf2 Kxf4 44. Ke2 Kxe5 45. Ke3 Kf5 46. Ke2 Kf4 47. Kf2 e3+ 48. Ke2 Ke4 49. Ke1 Kd3 0-1

[Event "Pocos de Caldas op"]
[Site "Pocos de Caldas"]
[Date "2015.03.15"]
[Round "5"]
[White "Carvalho, Vivian dos Santos"]
[Black "Pasqua, Mauricio Coragem"]
[Result "1/2-1/2"]
[WhiteElo "1475"]
[BlackElo "1706"]
[PlyCount "148"]
[EventDate "2015.03.13"]
[EventType "swiss"]
[EventRounds "6"]
[EventCountry "BRA"]
[SourceTitle "CBM 165 Extra"]
[Source "ChessBase"]
[SourceDate "2015.04.21"]
[SourceVersion "1"]
[SourceVersionDate "2015.04.21"]
[SourceQuality "1"]

1. d4 Nf6 2. Bf4 g6 3. e3 d6 4. Be2 Bg7 5. h3 0-0 6. Nf3 Nbd7 7. Nbd2 Re8 8. 0-0 e5 9. dxe5 dxe5 10. Bh2 e4 11. Nd4 a6 12. a4 c5 13. N4b3 b6 14. c3 Ne5 15. Nc1 Bb7 16. Qb3 Bd5 17. Qc2 Qe7 18. b4 cxb4 19. cxb4 Rec8 20. Qb2 Nc4 21. Nxc4 Bxc4 22. Bxc4 Rxc4 23. b5 Ng4 24. Qe2 Nxh2 25. Qxc4 Nf3+ 26. gxf3 Bxa1 27. Nb3 Be5 28. Qxe4 Re8 29. bxa6 Bb8 30. Qxe7 Rxe7 31. Rd1 Kg7 32. Rd8 Ra7 33. Rxb8 Rxa6 34. Kg2 Rxa4 35. Rxb6 Ra7 36. Nd4 Rd7 37. Kg3 h5 38. h4 Re7 39. f4 f5 40. Ne6+ Kf7 41. Ng5+ Kg7 42. Rb8 Rd7 43. Re8 Ra7 44. f3 Rb7 45. Rd8 Re7 46. e4 fxe4 47. fxe4 Ra7 48. Rd3 Rb7 49. Re3 Rb1 50. e5 Rg1+ 51. Kf2 Ra1 52. e6 Ra2+ 53. Kf3 Ra8 54. Rd3 Kf6 55. Rd7 Ra3+ 56. Ke4 Ra4+ 57. Kd5 Ra5+ 58. Kd6 Ra6+ 59. Kc7 Kf5 60. Kd8 Ra8+ 61. Ke7 Kxf4 62. Rd8 Ra7+ 63. Kf8 Kg4 64. e7 Rxe7 65. Kxe7 Kxh4 66. Nf3+ Kg3 67. Ne5 g5 68. Rg8 g4 69. Kf6 Kf4 70. Ke6 g3 71. Kf7 h4 72. Nd3+ Kf3 73. Ne1+ Kf2 74. Nd3+ Kf3 1/2-1/2

[Event "Ribeirao Preto op"]
[Site "Ribeirao Preto"]
[Date "2014.04.05"]
[Round "4"]
[White "Bonvini, Adriana Tonhati"]
[Black "Pasqua, Mauricio Coragem"]
[Result "0-1"]
[WhiteElo "1488"]
[BlackElo "1703"]
[PlyCount "92"]
[EventDate "2014.04.04"]
[EventType "swiss"]
[EventRounds "6"]
[EventCountry "BRA"]
[SourceTitle "CBM 159 Extra"]
[Source "ChessBase"]
[SourceDate "2014.04.24"]
[SourceVersion "1"]
[SourceVersionDate "2014.04.24"]
[SourceQuality "1"]

1. e4 c6 2. d4 d5 3. Nd2 dxe4 4. Nxe4 Nd7 5. Bd3 Ngf6 6. Nxf6+ Nxf6 7. c3 Bg4 8. Nf3 e6 9. 0-0 Be7 10. Bg5 Qd5 11. Be2 Bxf3 12. Bxf6 Bxe2 13. Qxe2 Bxf6 14. Rfd1 0-0 15. Rd3 Rfd8 16. Rg3 c5 17. dxc5 Qxc5 18. Qf3 Qd5 19. Qxd5 Rxd5 20. Re3 Rd2 21. Rb1 Rad8 22. g3 Rd1+ 23. Re1 Rxe1+ 24. Rxe1 Rd2 25. Rb1 Bd8 26. f4 Bb6+ 27. Kh1 g6 28. a4 Rc2 29. h3 h5 30. g4 hxg4 31. hxg4 Kg7 32. f5 exf5 33. gxf5 g5 34. Ra1 a5 35. b4 Rxc3 36. bxa5 Bxa5 37. Rb1 b6 38. Kg2 Rc5 39. Rb5 Rxb5 40. axb5 Kf6 41. Kf3 Kxf5 42. Kg3 f6 43. Kf3 Ke5 44. Kg4 Ke4 45. Kg3 Kd5 46. Kg4 Kc5 0-1

[Event "Ribeirao Preto op"]
[Site "Ribeirao Preto"]
[Date "2014.04.05"]
[Round "3"]
[White "Pasqua, Mauricio Coragem"]
[Black "Lanchoti, Edivaldo"]
[Result "0-1"]
[WhiteElo "1703"]
[BlackElo "1842"]
[PlyCount "99"]
[EventDate "2014.04.04"]
[EventType "swiss"]
[EventRounds "6"]
[EventCountry "BRA"]
[SourceTitle "CBM 159 Extra"]
[Source "ChessBase"]
[SourceDate "2014.04.24"]
[SourceVersion "1"]
[SourceVersionDate "2014.04.24"]
[SourceQuality "1"]

1. c4 d6 2. b3 Nf6 3. d4 g6 4. Bb2 Bg7 5. Nf3 0-0 6. e3 Bg4 7. Be2 Nbd7 8. Nbd2 d5 9. 0-0 c6 10. Rc1 a6 11. c5 Re8 12. Re1 Bxf3 13. Nxf3 Ne4 14. Qc2 e6 15. b4 Ng5 16. a4 Nxf3+ 17. Bxf3 e5 18. dxe5 Nxe5 19. Bxe5 Bxe5 20. g3 h5 21. h4 Qc7 22. Kg2 Qe7 23. Rcd1 Qf6 24. Rd3 Re7 25. a5 Rae8 26. Red1 Qf5 27. R3d2 Qf6 28. Rd3 Bc7 29. Qc3 Re5 30. R3d2 Qe7 31. Be2 Rf5 32. Bd3 Rf6 33. Qc2 Qe6 34. Re2 Qg4 35. f4 Rfe6 36. Rde1 d4 37. Rf1 Rxe3 38. Rxe3 Rxe3 39. Qf2 Rxd3 40. Re1 Bxf4 41. Qxf4 Qxf4 42. gxf4 Rb3 43. Re8+ Kg7 44. Rd8 Rxb4 45. Kf3 Rb5 46. Rxd4 Rxc5 47. Ra4 Rb5 48. Ra3 c5 49. Ra4 Kf6 50. Ra3 0-1

[Event "Sao Sebastiao op"]
[Site "Sao Sebastiao do Paraiso"]
[Date "2013.10.05"]
[Round "3"]
[White "Pasqua, Mauricio Coragem"]
[Black "Herbst Neto, Eugenio"]
[Result "0-1"]
[WhiteElo "1709"]
[BlackElo "1912"]
[PlyCount "154"]
[EventDate "2013.10.04"]
[EventType "swiss"]
[EventRounds "6"]
[EventCountry "BRA"]
[SourceTitle "EXT 2014"]
[Source "ChessBase"]
[SourceDate "2013.11.20"]
[SourceVersion "1"]
[SourceVersionDate "2013.11.20"]
[SourceQuality "1"]

1. Nf3 Nf6 2. c4 g6 3. Nc3 Bg7 4. g3 0-0 5. Bg2 c5 6. 0-0 Nc6 7. d4 cxd4 8. Nxd4 a6 9. Nxc6 bxc6 10. Bf4 Qb6 11. Na4 Qa5 12. c5 Nd5 13. Bd2 Qb5 14. e4 Nb4 15. Bxb4 Qxb4 16. a3 Qb5 17. Rb1 a5 18. Nb6 Ra7 19. Qc2 d6 20. Nxc8 Rxc8 21. cxd6 exd6 22. Rfd1 Rd8 23. Rd3 c5 24. Qd1 Bd4 25. Rxd4 cxd4 26. Qxd4 Qc5 27. Qf6 Re8 28. Qf4 Qc2 29. Qc1 Rc7 30. Qxc2 Rxc2 31. b4 Rb8 32. b5 Rc3 33. Bf1 Rxa3 34. Rd1 Rb6 35. Rc1 Ra4 36. Rc8+ Kg7 37. Bc4 Kf6 38. f4 Rxc4 39. Rxc4 Rxb5 40. Kg2 Ke6 41. Rc6 Kd7 42. Ra6 d5 43. exd5 Rxd5 44. Ra7+ Ke6 45. Ra6+ Kf5 46. Kf3 Rd3+ 47. Ke2 Ra3 48. Ra7 Kg4 49. Rxf7 Ra2+ 50. Kd3 Rxh2 51. Ra7 Rh3 52. Rxa5 Rxg3+ 53. Ke4 h5 54. f5 gxf5+ 55. Rxf5 h4 56. Rf8 Kh3 57. Rh8 Rb3 58. Kf4 Rb7 59. Kf3 Rf7+ 60. Ke2 Kg3 61. Rg8+ Kh2 62. Rg4 h3 63. Rg8 Rb7 64. Kf2 Rb2+ 65. Kf1 Rg2 66. Rh8 Rg7 67. Kf2 Rf7+ 68. Ke1 Rf4 69. Rg8 Rf3 70. Ke2 Rg3 71. Rh8 Kg2 72. Rf8 h2 73. Rf2+ Kh3 74. Rf1 Rg2+ 75. Ke3 Rg1 76. Rf3+ Kg4 77. Rf8 h1Q 0-1

[Event "Rio Claro IRT op 2nd"]
[Site "Rio Claro"]
[Date "2013.04.28"]
[Round "5"]
[White "Montufar Berrios, Lesly Viviane"]
[Black "Pasqua, Mauricio Coragem"]
[Result "1-0"]
[WhiteElo "1813"]
[BlackElo "1703"]
[PlyCount "77"]
[EventDate "2013.04.26"]
[EventType "swiss"]
[EventRounds "6"]
[EventCountry "BRA"]
[SourceTitle "CBM 154 Extra"]
[Source "ChessBase"]
[SourceDate "2013.06.25"]
[SourceVersion "2"]
[SourceVersionDate "2013.06.25"]
[SourceQuality "1"]

1. c4 Nf6 2. Nc3 e6 3. e4 c6 4. e5 Ng8 5. g3 d5 6. cxd5 cxd5 7. d4 Ne7 8. Bg2 Nf5 9. Nf3 Nc6 10. 0-0 Be7 11. Re1 0-0 12. a3 a6 13. b4 b5 14. Qd3 Bd7 15. Kh1 Rc8 16. Ne2 Qb6 17. h4 h6 18. Kh2 a5 19. Kh3 Qd8 20. Bd2 axb4 21. axb4 Bxb4 22. g4 Bxd2 23. Qxd2 Nfe7 24. h5 Qb6 25. g5 hxg5 26. Qxg5 Qd8 27. Rg1 Nf5 28. Qf4 Nce7 29. Kh2 Kh8 30. Bh3 Rc2 31. Rae1 b4 32. Rg2 b3 33. Ng3 Nh6 34. Reg1 Rg8 35. Nf1 Nef5 36. Ne3 Nxe3 37. Qxe3 Qc8 38. Ng5 Bb5 39. Qxb3 1-0

[Event "Rio Claro IRT op 2nd"]
[Site "Rio Claro"]
[Date "2013.04.28"]
[Round "6"]
[White "Pasqua, Mauricio Coragem"]
[Black "Pereira, Thiago Henrique"]
[Result "0-1"]
[WhiteElo "1703"]
[BlackElo "1885"]
[PlyCount "61"]
[EventDate "2013.04.26"]
[EventType "swiss"]
[EventRounds "6"]
[EventCountry "BRA"]
[SourceTitle "CBM 154 Extra"]
[Source "ChessBase"]
[SourceDate "2013.06.25"]
[SourceVersion "2"]
[SourceVersionDate "2013.06.25"]
[SourceQuality "1"]

1. c4 Nf6 2. Nc3 e5 3. g3 Bc5 4. e3 Nc6 5. a3 a5 6. Bg2 0-0 7. Nge2 Re8 8. 0-0 e4 9. d4 exd3 10. Qxd3 Ne5 11. Qc2 c6 12. b3 d5 13. cxd5 cxd5 14. Nxd5 Bg4 15. Ndf4 Rc8 16. Qa2 Nf3+ 17. Kh1 Qd7 18. h3 Bh5 19. Nxh5 Nxh5 20. Bxf3 Qxh3+ 21. Kg1 Bd6 22. Bxh5 Qxh5 23. Kg2 Qd5+ 24. f3 Re6 25. b4 Qd3 26. Qd2 Qg6 27. Ra2 Be5 28. Nf4 Bxf4 29. exf4 Rec6 30. Kh1 Qxg3 31. Qe3 0-1

[Event "Rio Claro IRT op 2nd"]
[Site "Rio Claro"]
[Date "2013.04.27"]
[Round "4"]
[White "Pasqua, Mauricio Coragem"]
[Black "Auriemo, Danielle Ferreira"]
[Result "1/2-1/2"]
[WhiteElo "1703"]
[BlackElo "1748"]
[PlyCount "72"]
[EventDate "2013.04.26"]
[EventType "swiss"]
[EventRounds "6"]
[EventCountry "BRA"]
[SourceTitle "CBM 154 Extra"]
[Source "ChessBase"]
[SourceDate "2013.06.25"]
[SourceVersion "2"]
[SourceVersionDate "2013.06.25"]
[SourceQuality "1"]

1. b3 e5 2. Bb2 Nc6 3. c4 Nf6 4. e3 d6 5. Nc3 Bf5 6. a3 Be7 7. d4 exd4 8. exd4 0-0 9. Be2 Ne4 10. Nf3 Nxc3 11. Bxc3 Bf6 12. 0-0 d5 13. c5 a6 14. a4 Re8 15. Re1 b6 16. b4 Bg4 17. b5 axb5 18. axb5 Rxa1 19. Qxa1 Bxf3 20. gxf3 Ne7 21. c6 Ng6 22. Bf1 Rxe1 23. Qxe1 Qe7 24. Qxe7 Nxe7 25. Bd3 Nc8 26. Kf1 Nd6 27. Ke2 Kf8 28. Ke3 Ke7 29. Bb4 Ke6 30. Bxd6 Kxd6 31. Bf5 Bh4 32. Bd7 Ke7 33. h3 g6 34. f4 f5 35. Kf3 h6 36. Bc8 Bf6 1/2-1/2

[Event "Rio Claro IRT op 2nd"]
[Site "Rio Claro"]
[Date "2013.04.26"]
[Round "1"]
[White "Pasqua, Mauricio Coragem"]
[Black "Maranhao, Jose Renato Ruiz"]
[Result "0-1"]
[WhiteElo "1703"]
[BlackElo "2039"]
[PlyCount "98"]
[EventDate "2013.04.26"]
[EventType "swiss"]
[EventRounds "6"]
[EventCountry "BRA"]
[SourceTitle "CBM 154 Extra"]
[Source "ChessBase"]
[SourceDate "2013.06.25"]
[SourceVersion "2"]
[SourceVersionDate "2013.06.25"]
[SourceQuality "1"]

1. c4 e5 2. Nc3 Nf6 3. g3 Bc5 4. Bg2 d6 5. d3 c6 6. e3 a6 7. Nge2 Bg4 8. h3 Bf5 9. e4 Be6 10. 0-0 b5 11. cxb5 axb5 12. Bd2 Qd7 13. Kh2 Qa7 14. f4 b4 15. Nb1 h5 16. f5 Bc8 17. Bg5 Nbd7 18. Bf3 Ba6 19. Qc2 Ng4+ 20. Bxg4 hxg4 21. h4 Be3 22. Bxe3 Qxe3 23. Qd2 Qxd3 24. Qxd3 Bxd3 25. Re1 Bxe4 26. Nd4 Bd5 27. Nd2 Nc5 28. b3 0-0 29. Nc2 Nd3 30. Re3 e4 31. Nxe4 Bxe4 32. Rxe4 Rfe8 33. Rxe8+ Rxe8 34. Nd4 c5 35. Nb5 Re2+ 36. Kg1 d5 37. a4 bxa3 38. Rxa3 d4 39. Ra8+ Kh7 40. Rf8 Ne5 41. Nd6 d3 42. Nxf7 Nxf7 43. Kf1 Ne5 44. Rd8 Rb2 45. Rd5 d2 46. Ke2 Nf3 47. Rd7 Rb1 48. f6 Re1+ 49. Kf2 d1N+ 0-1

[Event "Nova Odessa IRT Regional 3rd"]
[Site "Nova Odessa"]
[Date "2012.12.14"]
[Round "2.4"]
[White "Schucman, Rebeca Lot"]
[Black "Pasqua, Mauricio Coragem"]
[Result "0-1"]
[WhiteElo "1623"]
[BlackElo "1705"]
[PlyCount "126"]
[EventDate "2012.12.14"]
[EventType "swiss"]
[EventRounds "6"]
[EventCountry "BRA"]
[SourceTitle "EXT 2022"]
[Source "ChessBase"]
[SourceDate "2021.10.06"]
[SourceVersion "1"]
[SourceVersionDate "2021.10.06"]
[SourceQuality "1"]

1. d4 Nf6 2. c4 e6 3. Nf3 d5 4. Nc3 Be7 5. Bf4 c6 6. e3 0-0 7. Rc1 Qa5 8. Bd3 dxc4 9. Bxc4 b5 10. Bd3 Bb7 11. 0-0 Rd8 12. a3 a6 13. b4 Qxa3 14. Qc2 Bxb4 15. Bc7 Rc8 16. Nb1 Qa4 17. Qxa4 bxa4 18. Bb6 Nbd7 19. Bc5 Nxc5 20. dxc5 Rd8 21. Rfd1 Rd5 22. Nc3 Bxc3 23. Rxc3 Rad8 24. Rd2 Ne4 25. Bxe4 Rxd2 26. Nxd2 Rxd2 27. g3 Rb2 28. Kf1 Rb3 29. Rc2 Kf8 30. Ke2 a5 31. Kd2 g6 32. Ra2 Rb4 33. Bc2 Rc4 34. Bxa4 Rxc5 35. Rc2 Rxc2+ 36. Kxc2 Ke7 37. Kc3 Kd6 38. f4 Ba6 39. e4 Bb5 40. Bb3 a4 41. Ba2 Kc5 42. f5 Kd6 43. Kd4 c5+ 44. Kc3 Ke5 45. fxe6 fxe6 46. Bb1 Bc6 47. Bc2 a3 48. Kb3 Bxe4 49. Bd1 Bd5+ 50. Kxa3 c4 51. Kb2 Kd4 52. Kc2 g5 53. Bg4 e5 54. Kd2 h6 55. h4 gxh4 56. gxh4 c3+ 57. Kc1 Be4 58. Bd1 Bd3 59. h5 Ke3 60. Bg4 Be2 61. Bxe2 Kxe2 62. Kc2 e4 63. Kxc3 e3 0-1

[Event "Rio Clao IRT Interior op"]
[Site "Rio Claro"]
[Date "2012.11.03"]
[Round "4"]
[White "Horta, Marcio Rodrigues"]
[Black "Pasqua, Mauricio Coragem"]
[Result "0-1"]
[WhiteElo "1976"]
[BlackElo "1666"]
[PlyCount "84"]
[EventDate "2012.11.02"]
[EventType "swiss"]
[EventRounds "6"]
[EventCountry "BRA"]
[SourceTitle "CBM 151 Extra"]
[Source "ChessBase"]
[SourceDate "2012.12.18"]
[SourceVersion "1"]
[SourceVersionDate "2012.12.18"]
[SourceQuality "1"]

1. d4 Nf6 2. c4 e6 3. Nf3 d5 4. Nc3 Be7 5. Bg5 0-0 6. e3 b6 7. Bxf6 Bxf6 8. cxd5 exd5 9. b4 c5 10. bxc5 bxc5 11. Be2 Bf5 12. 0-0 c4 13. Qa4 Bd7 14. Qc2 Bc6 15. Nd2 Re8 16. Bf3 Qd7 17. a4 a5 18. Rfb1 Na6 19. Rb6 Nb4 20. Qd1 Bd8 21. Rxc6 Qxc6 22. Ndb1 Bc7 23. Na3 Rad8 24. Nab5 Bb8 25. Qf1 Qh6 26. g3 Re6 27. Qg2 Nc2 28. Rc1 Nxe3 29. fxe3 Qxe3+ 30. Qf2 Qxc1+ 31. Kg2 Rf6 32. Qe2 Kf8 33. Bxd5 Re8 34. Qxc4 Qd2+ 35. Kh3 Rh6+ 36. Kg4 f5+ 37. Kxf5 Rh5+ 38. Kg4 Qg5+ 39. Kf3 Re3+ 40. Kg2 Rxh2+ 41. Kxh2 Qxg3+ 42. Kh1 Qh2# 0-1

[Event "Rio Clao IRT Interior op"]
[Site "Rio Claro"]
[Date "2012.11.02"]
[Round "2"]
[White "Montufar Berrios, Eymi Priscila"]
[Black "Pasqua, Mauricio Coragem"]
[Result "0-1"]
[WhiteElo "1748"]
[BlackElo "1666"]
[PlyCount "55"]
[EventDate "2012.11.02"]
[EventType "swiss"]
[EventRounds "6"]
[EventCountry "BRA"]
[SourceTitle "CBM 151 Extra"]
[Source "ChessBase"]
[SourceDate "2012.12.18"]
[SourceVersion "1"]
[SourceVersionDate "2012.12.18"]
[SourceQuality "1"]

1. e4 c6 2. d4 d5 3. e5 Bf5 4. Bd3 Bxd3 5. Qxd3 e6 6. Nf3 Ne7 7. Bg5 Qb6 8. 0-0 Nd7 9. Nc3 h6 10. Bd2 Ng6 11. Na4 Qc7 12. Nc5 Nxc5 13. dxc5 Bxc5 14. b4 Be7 15. Bc3 0-0 16. Nd2 Nxe5 17. Bxe5 Qxe5 18. f4 Qc7 19. f5 e5 20. Qg3 Bf6 21. Rfe1 Qb6+ 22. Kh1 Qxb4 23. Nf3 Rfe8 24. Nxe5 Bh4 25. Qf3 Bxe1 26. f6 Rxe5 27. fxg7 Qe7 28. Qf4 0-1

[Event "Sao Jose de Rio Preto 160 Anos"]
[Site "Sao Jose do Rio Preto"]
[Date "2012.03.25"]
[Round "6"]
[White "Pasqua, Mauricio Coragem"]
[Black "Parras, Lucas Cesar"]
[Result "0-1"]
[WhiteElo "1676"]
[BlackElo "1966"]
[PlyCount "46"]
[EventDate "2012.03.23"]
[EventType "swiss"]
[EventRounds "6"]
[EventCountry "BRA"]
[SourceTitle "CBM 147 Extra"]
[Source "ChessBase"]
[SourceDate "2012.04.24"]
[SourceVersion "1"]
[SourceVersionDate "2012.04.24"]
[SourceQuality "1"]

1. c4 Nf6 2. Nc3 g6 3. d4 d5 4. e3 Bg7 5. b3 0-0 6. Bb2 c5 7. Nf3 Nc6 8. Be2 Bf5 9. 0-0 a6 10. a4 Nb4 11. Rc1 Ne4 12. Nxd5 Nxd5 13. cxd5 Qxd5 14. Bc4 Qd6 15. Ba3 b5 16. Be2 b4 17. dxc5 Qxd1 18. Rfxd1 bxa3 19. Nd4 a2 20. f3 Nc3 21. Rxc3 Bb1 22. Rcc1 a1Q 23. Bd3 Bxd4 0-1

[Event "Batatais op 2nd"]
[Site "Batatais"]
[Date "2011.12.17"]
[Round "4"]
[White "Pasqua, Mauricio Coragem"]
[Black "De Lima, Thiago Alves"]
[Result "1-0"]
[WhiteElo "1674"]
[BlackElo "1827"]
[PlyCount "103"]
[EventDate "2011.12.16"]
[EventType "swiss"]
[EventRounds "6"]
[EventCountry "BRA"]
[SourceTitle "EXT 2013"]
[Source "ChessBase"]
[SourceDate "2012.11.22"]
[SourceVersion "1"]
[SourceVersionDate "2012.11.22"]
[SourceQuality "1"]

1. c4 c5 2. Nc3 g6 3. Nf3 Bg7 4. e3 Nc6 5. d4 cxd4 6. exd4 d6 7. Be2 Nf6 8. 0-0 0-0 9. b3 Nh5 10. Re1 Bg4 11. Be3 Rb8 12. Rc1 e5 13. d5 Ne7 14. Bxa7 Ra8 15. Be3 Nf5 16. Bd2 Nh4 17. Nxh4 Bxe2 18. Qxe2 Qxh4 19. g3 Qh3 20. a4 Kh8 21. Ne4 Qd7 22. Bb4 Ra6 23. Qd1 f5 24. Ng5 Bh6 25. Ne6 Bxc1 26. Nxf8 Qf7 27. Nxg6+ Qxg6 28. Qxc1 f4 29. Qc3 fxg3 30. fxg3 Rb6 31. Ba5 Ra6 32. Rf1 Nf4 33. Rxf4 Rxa5 34. Qxa5 exf4 35. Qd8+ Kg7 36. Qe7+ Kg8 37. Qe6+ Qxe6 38. dxe6 fxg3 39. hxg3 Kf8 40. Kf2 Ke7 41. Kf3 Kxe6 42. Ke4 h5 43. b4 b6 44. a5 bxa5 45. bxa5 Kd7 46. Kd5 Kc7 47. a6 Kb6 48. Kxd6 Kxa6 49. Kc6 Ka7 50. Kc7 Ka8 51. c5 Ka7 52. c6 1-0